000
00283nam a22001097a 4500
082
_a
624.1042
_b
MES
_c
L-39, P-126
245
_a
Schedule of Rates
_c
MES
260
_a
Rawalpindi
_c
c1993
300
_a
ii, p-725
_b
ill
_c
18cm
526
_a
0
_b
0
_c
0
_d
624_104200000000000_MES
942
_2
ddc
_c
BK
999
_c
550571
_d
550571